000 00831nam a22001817a 4500
005 20240212172312.0
010 _aHIN-126866
020 _a9788119133604
_c495.00
035 _aHN-99212
037 _bDBAD/PUB
082 _a821.08
100 _aअरविंदाक्षन,ए
_961990
245 _aकेदारनाथ सिंह की कविता/
_cए .अरविन्दाक्षन
260 _aप्रयागराज
_bलोकभारती प्रकाशन
270 _bप्रयागराज
_aपहली मंजिल , दरबारी बिल्डिंग , महात्मा गांधी मार्ग
_e211001
300 _a167 पृष्ट;
_c22सेमी (सजिल्द)
942 _2ddc
_cHN
_h821.08
_mअरविं
999 _c200647
_d200647